[Event "Helsingor Xtracon op"]
[Site "Helsingor"]
[Date "2016.07.24"]
[Round "3"]
[White "Kvaloy, Ola"]
[Black "Birkestrand, Odd Helge"]
[Result "1/2-1/2"]
[WhiteElo "1408"]
[BlackElo "1676"]
[PlyCount "44"]
[EventDate "2016.07.23"]
[EventType "swiss"]
[EventRounds "10"]
[EventCountry "DEN"]
[SourceTitle "CBM 173 Extra"]
[Source "ChessBase"]
[SourceDate "2016.08.29"]
[SourceVersion "1"]
[SourceVersionDate "2016.08.29"]
[SourceQuality "1"]

1. d4 f5 2. Nf3 Nf6 3. e3 e6 4. Bd3 d5 5. 0-0 Be7 6. b3 0-0 7. Bb2 Nbd7 8. Nbd2 h6 9. Ne5 Qe8 10. f4 Nxe5 11. fxe5 Nh7 12. Rf3 Ng5 13. Rg3 Bd7 14. Be2 Kh8 15. h4 Ne4 16. Nxe4 fxe4 17. Bh5 Qd8 18. Qg4 Rg8 19. Rh3 Rf8 20. Rg3 Rg8 21. Rh3 Rf8 22. Rg3 Rg8 1/2-1/2